书目信息 |
| 题名: |
舞蹈艺术教育
|
|
| 作者: | 杨仲华 , 温立伟 著 | |
| 分册: | ||
| 出版信息: | 北京 人民出版社 2003 |
|
| 页数: | 362页 | |
| 开本: | 21cm | |
| 丛书名: | 艺术教育丛书 | |
| 单 册: | ||
| 中图分类: | J70 | |
| 科图分类: | ||
| 主题词: | 舞蹈艺术--艺术教育--研究 , 舞蹈艺术 , 艺术教育 | |
| 电子资源: | ||
| ISBN: | 7-01-003845-7 | |
| 000 | 00805oam2 2200277 450 | |
| 001 | 1232401483 | |
| 005 | 20121019090037.20 | |
| 010 | @a7-01-003845-7@dCNY24.00 | |
| 100 | @a20120930d2003 em y0chiy50 ea | |
| 101 | 0 | @achi |
| 102 | @aCN@b110000 | |
| 105 | @aa z 000yy | |
| 200 | 1 | @a舞蹈艺术教育@Awu dao yi shu jiao yu@f杨仲华,温立伟著 |
| 210 | @a北京@c人民出版社@d2003 | |
| 215 | @a362页@c图@d21cm | |
| 225 | 2 | @a艺术教育丛书 |
| 330 | @a本书包括:“舞蹈艺术教育”、“舞蹈艺术”、“舞蹈艺术教育活动”等内容。 | |
| 461 | 0 | @12001 @a艺术教育丛书 |
| 606 | 0 | @a舞蹈艺术@x艺术教育@x研究 |
| 606 | 0 | @a舞蹈艺术 |
| 606 | 0 | @a艺术教育 |
| 690 | @aJ70@v4 | |
| 701 | 0 | @a杨仲华@Ayang zhong hua@4著 |
| 701 | 0 | @a温立伟@Awen li wei@4著 |
| 801 | 0 | @aCN@bNLC@c20120930 |
| 905 | @a10447@dJ70@eJY28 | |
| 舞蹈艺术教育/杨仲华,温立伟著.-北京:人民出版社,2003 |
| 362页:图;21cm.-(艺术教育丛书) |
| ISBN 7-01-003845-7:CNY24.00 |
| 本书包括:“舞蹈艺术教育”、“舞蹈艺术”、“舞蹈艺术教育活动”等内容。 |
| ● |
| 相关链接 |
|
|
|
|
正题名:舞蹈艺术教育
索取号:J70/JY28
 
预约/预借
| 序号 | 登录号 | 条形码 | 馆藏地/架位号 | 状态 | 备注 |
| 1 | 7833971 | 278339718 | 学院路分馆/ [索取号:J70/JY28] | 在馆 | |
| 2 | 7833972 | 278339727 | 学院路分馆/ [索取号:J70/JY28] | 在馆 | |
| 3 | 7833973 | 278339736 | 学院路分馆/ [索取号:J70/JY28] | 在馆 | |
| 4 | 7833974 | 278339745 | 学院路分馆/ [索取号:J70/JY28] | 在馆 |